| 000 | 00000nam##2200000za#4500 |
| 001 | 9.688453 |
| 003 | CaOODSP |
| 005 | 20210624231430 |
| 007 | cr ||||||||||| |
| 008 | 150407|2000||||xxc|||||o f|0| 0 eng|d |
| 040 | |aCaOODSP|beng |
| 043 | |an-cn--- |
| 086 | 1 |aSW21-62/2000E-PDF |
| 110 | 1 |aCanada. |bStatus of Women Canada. |
| 245 | 10|aCanada - the new frontier for Filipino mail-order brides / |h[electronic resource]|cPhilippine Women Centre of British Columbia. |
| 260 | |aOttawa - Ontario : |bStatus of Women Canada |c2000. |
| 300 | |a96p.|bglossary |
| 500 | |a"Using a combination of participatory action research (PAR) methods and interview techniques, 40 Filipino mail-order brides from five provinces in Canada participated in this study. By allowing the women to share their experiences, a clearer picture of their overall economic and social situation in Canada emerges. Based on an analysis of their situation, the study makes recommendations and suggests actions for change in formulating policies to address their situation."--Executive summary. |
| 500 | |aThe catalogue number and ISBN for the 2000 print edition have been printed in this electronic edition. |
| 504 | |aBibliography. |
| 520 | 3 |aUsing a combination of participatory action research (PAR) methods and interview techniques, 40 Filipino mail-order brides from five provinces in Canada participated in this study. By allowing the women to share their experiences, a clearer picture of their overall economic and social situation in Canada emerges. Based on an analysis of their situation, the study makes recommendations and suggests actions for change in formulating policies to address their situation.--Executive summary |
| 590 | |a06-10-Supp|b2006-12-15 |
| 690 | 07|aFamily violence|2gcpds |
| 690 | 07|aImmigrants|2gcpds |
| 690 | 07|aMarriage|2gcpds |
| 690 | 07|aStatus of women|2gcpds |
| 710 | 2 |aPhilippine Women Centre of British Columbia. |
| 775 | 08|tLe Canada et le mariage de Philippines par correspondance : |w(CaOODSP)9.632878 |
| 776 | 0#|tCanada: the new frontier for Filipino mail-order brides : |w(CaOODSP)9.662243 |
| 776 | 0#|tLe Canada et le mariage de Philippines par correspondance : |w(CaOODSP)9.662244 |
| 856 | 40|ahttp://publications.gc.ca|qPDF|s456 KB|uhttps://publications.gc.ca/collections/Collection/SW21-62-2000E.pdf |